A history of Sub-Saharan Africa (Record no. 3601)
[ view plain ]
| 000 -LEADER | |
|---|---|
| fixed length control field | 00503nam a2200205Ia 4500 |
| 003 - CONTROL NUMBER IDENTIFIER | |
| control field | 0100 |
| 008 - FIXED-LENGTH DATA ELEMENTS--GENERAL INFORMATION | |
| fixed length control field | 130227s9999 xx 000 0 und d |
| 040 ## - CATALOGING SOURCE | |
| Transcribing agency | ARRUPELIB |
| 050 ## - LIBRARY OF CONGRESS CALL NUMBER | |
| Classification number | DT351.C68 2007 |
| 100 ## - MAIN ENTRY--PERSONAL NAME | |
| Personal name | Collins, Robert O. |
| 245 #2 - TITLE STATEMENT | |
| Title | A history of Sub-Saharan Africa |
| 260 ## - PUBLICATION, DISTRIBUTION, ETC. (IMPRINT) | |
| Place of publication, distribution, etc | Cambridge |
| 260 ## - PUBLICATION, DISTRIBUTION, ETC. (IMPRINT) | |
| Name of publisher, distributor, etc | Cambridge Univwersity |
| 260 ## - PUBLICATION, DISTRIBUTION, ETC. (IMPRINT) | |
| -- | 2007 |
| 300 ## - PHYSICAL DESCRIPTION | |
| Extent | xii |
| 300 ## - PHYSICAL DESCRIPTION | |
| Other physical details | 406p. 26cm. |
| 650 ## - SUBJECT ADDED ENTRY--TOPICAL TERM | |
| Topical term following geographic name as entry element | Afro-Americans - Psychology |
| 650 ## - SUBJECT ADDED ENTRY--TOPICAL TERM | |
| Location of event | Afro-American arts |
| 942 ## - ADDED ENTRY ELEMENTS (KOHA) | |
| Source of classification or shelving scheme | Library of Congress Classification |
| Koha issues (borrowed), all copies | 5 |
| Withdrawn status | Lost status | Source of classification or shelving scheme | Damaged status | Not for loan | Collection code | Home library | Current library | Shelving location | Date acquired | Total Checkouts | Full call number | Barcode | Date last seen | Date last borrowed | Copy number | Price effective from | Koha item type |
|---|---|---|---|---|---|---|---|---|---|---|---|---|---|---|---|---|---|
| Library of Congress Classification | Main Collection | ARRUPE LIBRARY | ARRUPE LIBRARY | 27/02/2013 | 6 | DT351.C68 2007 | 46404537 | 07/12/2017 | 15/11/2016 | 1 | 27/02/2013 | Monograph ( Printed materials) |